| 000 | 00478nam a2200109Ia 4500 | ||
|---|---|---|---|
| 008 | 171212s9999 xx 000 0 und d | ||
| 100 | _aMcGovern, Geoffrey;Greenberg, Michael D. | ||
| 245 |
_cMcGovern, Geoffrey;Greenberg, Michael D. _aShining a Light on State Campaign Finance _bAn Evaluation of the Impact of the National Institute on Money in State Politics |
||
| 260 |
_bRAND Corporation _c2014 |
||
| 650 | _aBusiness | ||
| 856 | _uhttp://www.jstor.org/stable/10.7249/j.ctt14bs1xp | ||
| 999 |
_c352538 _d352538 |
||